000 00486nam a22001817a 4500
003 MUT
005 20240606081445.0
008 190307b xxu||||| |||| 00| 0 eng d
020 _a9780716767091
040 _cMUT
050 _aQH 304
_b.K59 2004
100 _aKnisely,Karin
245 _aA student handbook for writing in biology
250 _a2nd ed.
260 _aSunderland
_bSinauer Associates,Inc.
_c2005
650 _2Biology
_aAuthorship
_vHandbooks,manuals
942 _2lcc
_cBK
999 _c18821
_d18821